[Event "6.Griesheimer Schachtage 2010"]
[Site "Griesheim"]
[Date "2010.05.07"]
[Round "1.1"]
[White "Grabarczyk, Bogdan"]
[Black "Nagel, Erwin"]
[Result "1-0"]
[WhiteElo "2433"]
[BlackElo "1749"]
[PlyCount "37"]
[EventDate "2010.05.07"]

1. e4 d5 2. exd5 Qxd5 3. Nf3 Nf6 4. d4 Bg4 5. Be2 e6 6. O-O Bd6 7. h3 Qh5 8.
Re1 Nbd7 9. hxg4 Nxg4 10. g3 Bxg3 11. fxg3 Qh3 12. Bf4 O-O-O 13. Bf1 Qh5 14.
Bg2 e5 15. dxe5 Ndxe5 16. Qe2 Rhe8 17. Nxe5 Qh2+ 18. Kf1 Qh5 19. Qxg4+ 1-0

[Event "6.Griesheimer Schachtage 2010"]
[Site "Griesheim"]
[Date "2010.05.07"]
[Round "1.2"]
[White "Freund, Karlheinz"]
[Black "Boidman, Yuri"]
[Result "0-1"]
[WhiteElo "1954"]
[BlackElo "2409"]
[PlyCount "23"]
[EventDate "2010.05.07"]

1. d4 d5 2. Nc3 Bf5 3. f3 e6 4. Bf4 Nf6 5. g4 Bg6 6. Qd2 c5 7. e3 Nc6 8. Bg2
Rc8 9. Nge2 cxd4 10. exd4 Qb6 11. Nd1 Nb4 12. c3 0-1

[Event "6.Griesheimer Schachtage 2010"]
[Site "Griesheim"]
[Date "2010.05.07"]
[Round "1.3"]
[White "Klundt, Klaus"]
[Black "Storkebaum, Karl-Heinrich"]
[Result "1-0"]
[WhiteElo "2353"]
[BlackElo "1994"]
[PlyCount "43"]
[EventDate "2010.05.07"]

1. e4 c5 2. Nf3 d6 3. d4 cxd4 4. Nxd4 Nf6 5. Nc3 a6 6. Be3 e5 7. Nb3 Be6 8. f4
Qc7 9. f5 Bc4 10. g4 Bxf1 11. Rxf1 h6 12. h4 Nc6 13. g5 hxg5 14. hxg5 Nd7 15.
Nd5 Qd8 16. Qd2 a5 17. O-O-O a4 18. Na1 Nc5 19. c3 Nxe4 20. Qg2 Nxg5 21. Bb6
Qb8 22. Qxg5 1-0

[Event "6.Griesheimer Schachtage 2010"]
[Site "Griesheim"]
[Date "2010.05.07"]
[Round "1.4"]
[White "Simak, Jaroslav"]
[Black "Zuyev, Igor"]
[Result "0-1"]
[WhiteElo "1753"]
[BlackElo "2329"]
[PlyCount "68"]
[EventDate "2010.05.07"]

1. e4 c5 2. Nc3 g6 3. g3 Bg7 4. Bg2 Nc6 5. d3 d6 6. f4 Nf6 7. Nge2 Bd7 8. O-O
Qb6 9. Kh1 O-O-O 10. Nd5 Nxd5 11. exd5 Nd4 12. c3 Nf5 13. a3 Kb8 14. b4 h5 15.
Bd2 c4 16. dxc4 Rc8 17. c5 dxc5 18. bxc5 Qxc5 19. Rb1 h4 20. g4 Ng3+ 21. Nxg3
hxg3 22. h3 Qxa3 23. Qf3 Qa2 24. Be3 Rxh3+ 25. Kg1 Bxc3 26. Rfc1 Bd2 27. Bxd2
Rxc1+ 28. Rxc1 Qxd2 29. Rd1 Qb2 30. f5 Qb6+ 31. Kf1 Bb5+ 32. Ke1 Rh2 33. Qxg3+
Ka8 34. Qxh2 Qe3# 0-1

[Event "6.Griesheimer Schachtage 2010"]
[Site "Griesheim"]
[Date "2010.05.07"]
[Round "1.5"]
[White "Gramlich, Sebastian"]
[Black "Bitzer, Andre"]
[Result "1-0"]
[WhiteElo "2269"]
[BlackElo "1720"]
[PlyCount "49"]
[EventDate "2010.05.07"]

1. d4 Nf6 2. Bg5 d5 3. Bxf6 exf6 4. e3 Bf5 5. Ne2 Bd6 6. c4 c6 7. cxd5 cxd5 8.
Nbc3 Bb4 9. a3 Bxc3+ 10. Nxc3 Bd7 11. Nxd5 Qa5+ 12. Nc3 O-O 13. Be2 Re8 14. O-O
Qg5 15. Bf3 Nc6 16. Ne4 Rxe4 17. Bxe4 Re8 18. Bf3 h5 19. Rc1 h4 20. Rc5 f5 21.
b4 h3 22. g3 Rxe3 23. fxe3 Qxe3+ 24. Rf2 Nxd4 25. Rd5 1-0

[Event "6.Griesheimer Schachtage 2010"]
[Site "Griesheim"]
[Date "2010.05.07"]
[Round "1.6"]
[White "Barisch, Florian"]
[Black "Barthel, Ansgar"]
[Result "0-1"]
[WhiteElo "1932"]
[BlackElo "2206"]
[PlyCount "130"]
[EventDate "2010.05.07"]

1. d4 Nf6 2. Bf4 g6 3. e3 Bg7 4. Be2 O-O 5. Nd2 d6 6. Ngf3 b6 7. c3 Bb7 8. h3
c5 9. O-O Nbd7 10. Bh2 Qc7 11. Qc2 Rac8 12. Rac1 Qb8 13. Qb1 Qa8 14. Ne1 Ne4
15. Nxe4 Bxe4 16. Bd3 Bb7 17. Be2 Nf6 18. f3 Nd5 19. Qd3 cxd4 20. exd4 Bh6 21.
Ra1 Ne3 22. Rf2 Bd5 23. f4 Nc4 24. Bf3 b5 25. Bxd5 Qxd5 26. b3 Nb6 27. Nc2 Qf5
28. Qxf5 gxf5 29. Ne3 e6 30. Rc2 Rc7 31. Rd1 Rfc8 32. Rd3 Bg7 33. Bg3 d5 34. b4
Nc4 35. Re2 Nxe3 36. Rexe3 Rxc3 37. Rxc3 Rxc3 38. Rxc3 Bxd4+ 39. Bf2 Bxc3 40.
Bxa7 Bxb4 41. Bd4 Bd6 42. g3 Kf8 43. Kf2 Ke8 44. Ke3 Kd7 45. Kd3 Kc6 46. Kc3 h5
47. Kb3 Bc5 48. Bf6 d4 49. Kc2 Kd5 50. Kd3 Bb6 51. Bg7 Ba5 52. Bf6 Be1 53. Bh4
Bf2 54. Ke2 Bg1 55. Kd3 Bh2 56. a3 Bg1 57. Bf6 Bf2 58. Bh4 Be1 59. Ke2 Ba5 60.
Kd3 Bb6 61. Bf6 Bc5 62. Be5 Bxa3 63. Bxd4 Bc5 64. Bf6 b4 65. Bd8 Bd4 0-1

[Event "6.Griesheimer Schachtage 2010"]
[Site "Griesheim"]
[Date "2010.05.07"]
[Round "1.7"]
[White "Minor, Samuel"]
[Black "Storkebaum, Ulrike"]
[Result "1-0"]
[WhiteElo "2183"]
[BlackElo "1867"]
[PlyCount "41"]
[EventDate "2010.05.07"]

1. e4 e5 2. Nf3 Nc6 3. Bc4 Nf6 4. d3 Bc5 5. c3 O-O 6. O-O d6 7. Bb3 Bg4 8. h3
Bh5 9. Nbd2 Re8 10. Re1 d5 11. Qe2 d4 12. Nf1 a5 13. a4 Qe7 14. Ng3 Rad8 15.
Nxh5 Nxh5 16. Ng5 Nf4 17. Bxf4 exf4 18. Qh5 h6 19. Nxf7 Kf8 20. Nh8 Ne5 21.
Qxe5 1-0

[Event "6.Griesheimer Schachtage 2010"]
[Site "Griesheim"]
[Date "2010.05.07"]
[Round "1.8"]
[White "Auschkalnis, Reinhard"]
[Black "Schlapp, Thomas"]
[Result "0-1"]
[WhiteElo "1882"]
[BlackElo "2284"]
[PlyCount "50"]
[EventDate "2010.05.07"]

1. c4 d6 2. g3 g6 3. Bg2 Bg7 4. Nf3 e5 5. Nc3 f5 6. d3 Nf6 7. e4 Nc6 8. Be3 O-O
9. Qd2 fxe4 10. dxe4 Be6 11. b3 Ng4 12. Bg5 Qd7 13. h3 Nd4 14. hxg4 Nxf3+ 15.
Bxf3 Rxf3 16. Be3 Bxg4 17. Qd5+ Qf7 18. Qxb7 Rxe3+ 19. fxe3 Rf8 20. Qd5 Be6 21.
Qd2 Qf3 22. Qh2 Qxe3+ 23. Ne2 h5 24. Qg2 Bh6 25. Rd1 Bg4 0-1

[Event "6.Griesheimer Schachtage 2010"]
[Site "Griesheim"]
[Date "2010.05.07"]
[Round "1.9"]
[White "Kaulfuss, Helmut"]
[Black "Mager, Denis"]
[Result "1-0"]
[WhiteElo "2199"]
[BlackElo "1538"]
[PlyCount "77"]
[EventDate "2010.05.07"]

1. e4 e6 2. d3 c5 3. Nc3 Nc6 4. g3 d5 5. exd5 exd5 6. Bg2 Nf6 7. Nge2 Be6 8.
Nf4 Be7 9. O-O O-O 10. Re1 Qd7 11. Nxe6 fxe6 12. Bh3 Nd4 13. a4 a6 14. a5 Bd6
15. Na4 Rae8 16. c3 Nf5 17. Nb6 Qc7 18. Bg5 Kh8 19. Bxf6 gxf6 20. Bxf5 exf5 21.
Qf3 Re5 22. Nxd5 Qc6 23. c4 Rfe8 24. Rxe5 Bxe5 25. Qxf5 Bd4 26. Qf3 Qd6 27. Rb1
Qe5 28. Nf4 Re7 29. b3 Bc3 30. Nd5 Rd7 31. Qe4 Kg7 32. Qg4+ Kh6 33. Qxd7 Bd4
34. Qh3+ Kg7 35. Nf4 f5 36. Qg2 Qe7 37. Qd5 Kf6 38. Qxd4+ cxd4 39. Nd5+ 1-0

[Event "6.Griesheimer Schachtage 2010"]
[Site "Griesheim"]
[Date "2010.05.07"]
[Round "1.10"]
[White "Berger, Achim"]
[Black "Prenzler, Daniel"]
[Result "0-1"]
[WhiteElo "1670"]
[BlackElo "2184"]
[PlyCount "62"]
[EventDate "2010.05.07"]

1. e4 c5 2. Nf3 a6 3. d4 cxd4 4. Nxd4 Nf6 5. Nc3 e5 6. Nb3 Bb4 7. Bd3 d5 8.
exd5 Qxd5 9. O-O Bxc3 10. bxc3 O-O 11. Bg5 Nbd7 12. Kh1 b6 13. Qe2 e4 14. Bxf6
exd3 15. cxd3 Nxf6 16. f4 Bb7 17. f5 Rfe8 18. Qd2 Rad8 19. Rf3 Qe5 20. d4 Qe2
21. Rg3 Ne4 22. Rxg7+ Kxg7 23. f6+ Nxf6 24. Qg5+ Kf8 25. Rg1 Qxg2+ 26. Qxg2
Bxg2+ 27. Kxg2 Re2+ 28. Kf3 Rxh2 29. c4 Rxa2 30. Kf4 Rb2 31. Rg3 Nh5+ 0-1

[Event "6.Griesheimer Schachtage 2010"]
[Site "Griesheim"]
[Date "2010.05.07"]
[Round "1.11"]
[White "Leiter, Thomas"]
[Black "Laue, Thomas"]
[Result "1-0"]
[WhiteElo "2076"]
[BlackElo "1908"]
[PlyCount "47"]
[EventDate "2010.05.07"]

1. e4 e5 2. Nf3 Nc6 3. Bc4 Bc5 4. O-O Nf6 5. d4 exd4 6. e5 d5 7. exf6 dxc4 8.
Re1+ Be6 9. Ng5 Qd5 10. Nc3 Qf5 11. Nce4 Bf8 12. Nxf7 Kxf7 13. Ng5+ Kg6 14.
fxg7 Bxg7 15. Rxe6+ Bf6 16. g4 Qd5 17. Qe2 h6 18. Nh3 Kf7 19. Nf4 Qd7 20. Qxc4
Na5 21. Qd3 Rag8 22. Qf5 Rxg4+ 23. Qxg4 Rg8 24. Rxf6+ 1-0

[Event "6.Griesheimer Schachtage 2010"]
[Site "Griesheim"]
[Date "2010.05.07"]
[Round "1.12"]
[White "Perske, Thore"]
[Black "Bahlke, Wolfgang"]
[Result "0-1"]
[WhiteElo "1659"]
[BlackElo "2126"]
[PlyCount "68"]
[EventDate "2010.05.07"]

1. e4 c6 2. d4 d5 3. e5 Bf5 4. Be3 Qb6 5. Qc1 e6 6. Nd2 c5 7. Ngf3 Nc6 8. Nb3
c4 9. Nbd2 Nb4 10. Rb1 Nxc2+ 11. Kd1 Nxe3+ 12. fxe3 Bxb1 13. Nxb1 Ne7 14. Be2
Nc6 15. Nc3 Be7 16. Rf1 O-O-O 17. Ke1 f6 18. exf6 gxf6 19. Bd1 e5 20. Qd2 f5
21. g3 Bf6 22. Ne2 Rhe8 23. dxe5 Bxe5 24. Bc2 Bxb2 25. Bxf5+ Kb8 26. Bxh7 Rxe3
27. Qc2 Nb4 28. Qb1 Nd3+ 29. Kd1 Rde8 30. Nf4 Nxf4 31. gxf4 Rxf3 32. Rxf3 Qg1+
33. Kd2 Qg2+ 34. Kd1 Qe2# 0-1

[Event "6.Griesheimer Schachtage 2010"]
[Site "Griesheim"]
[Date "2010.05.07"]
[Round "1.13"]
[White "Meyer, Stefan"]
[Black "Kotzian, Ewald"]
[Result "1/2-1/2"]
[WhiteElo "2141"]
[BlackElo "1645"]
[PlyCount "107"]
[EventDate "2010.05.07"]

1. Nf3 b6 2. g3 Bb7 3. Bg2 e5 4. O-O d6 5. d4 exd4 6. Qxd4 Nc6 7. Qa4 Qd7 8.
Nc3 Nf6 9. Ng5 Be7 10. Nd5 Nxd5 11. Bxd5 Bxg5 12. Bxg5 O-O 13. Rad1 h6 14. Bc1
Qe8 15. Rd3 Na5 16. Qd4 Bxd5 17. Qxd5 Qe6 18. Qh5 Rfe8 19. Re1 Nc6 20. Rc3 Ne5
21. f4 Ng4 22. Rxc7 Nf6 23. Qf3 Qxa2 24. e4 Rac8 25. Rxc8 Rxc8 26. Qd3 Qc4 27.
e5 dxe5 28. fxe5 Nd5 29. Qxc4 Rxc4 30. c3 Kf8 31. Rd1 Nc7 32. Kf2 Ke7 33. h4
Rc6 34. Kf3 Ke6 35. Bf4 Nd5 36. Ke4 Nxf4 37. gxf4 g6 38. Rd4 f6 39. exf6 Kxf6
40. Rd5 Rc4+ 41. Kf3 Rc6 42. h5 gxh5 43. Rxh5 Kg6 44. Kg4 Rc4 45. Rd5 Rc6 46.
f5+ Kf6 47. Rd7 a5 48. Rd5 Rc4+ 49. Kh5 Rc5 50. Rd6+ Kxf5 51. Rxb6 Ke4+ 52.
Kxh6 Kd3 53. Kg6 Kc4 54. Kf6 1/2-1/2

[Event "6.Griesheimer Schachtage 2010"]
[Site "Griesheim"]
[Date "2010.05.07"]
[Round "1.14"]
[White "Jacob, Achim"]
[Black "Hahn, Werner"]
[Result "0-1"]
[WhiteElo "1636"]
[BlackElo "2155"]
[PlyCount "66"]
[EventDate "2010.05.07"]

1. Nf3 Nf6 2. c4 g6 3. Nc3 Bg7 4. e4 d6 5. d4 O-O 6. Be2 e5 7. Be3 Nbd7 8. O-O
exd4 9. Nxd4 c6 10. f3 Re8 11. Bf2 Nh5 12. Qc1 Qf6 13. Rd1 Nf4 14. Be3 Ne6 15.
Nxe6 Qxe6 16. Rb1 Ne5 17. b3 Qe7 18. Bg5 f6 19. Be3 f5 20. Bf1 fxe4 21. Nxe4
Bf5 22. Bg5 Qf8 23. Nxd6 Bxb1 24. Nxe8 Rxe8 25. Qxb1 Nxf3+ 26. gxf3 Qc5+ 27.
Kh1 Qxg5 28. Qd3 h5 29. Bg2 Kh7 30. Bh3 Re3 31. Qf1 Qf4 32. Qg1 Be5 33. Bg2 Re2
0-1

[Event "6.Griesheimer Schachtage 2010"]
[Site "Griesheim"]
[Date "2010.05.07"]
[Round "1.15"]
[White "Reinert, Stephane"]
[Black "Rothermel, Tim"]
[Result "1-0"]
[WhiteElo "2099"]
[BlackElo "1763"]
[PlyCount "41"]
[EventDate "2010.05.07"]

1. d4 Nf6 2. Bg5 g6 3. Bxf6 exf6 4. g3 d5 5. Bg2 Bg7 6. e3 Nc6 7. Ne2 Bf5 8.
O-O Qd7 9. c4 dxc4 10. Na3 Bd3 11. Rc1 Bh6 12. Nxc4 Bxe2 13. Qxe2 O-O 14. Rfd1
Rfe8 15. Qc2 Rad8 16. Nd2 Ne7 17. Qxc7 Qg4 18. Qxb7 Rb8 19. Qxa7 Rxb2 20. Nc4
Rc2 21. Qa4 1-0

[Event "6.Griesheimer Schachtage 2010"]
[Site "Griesheim"]
[Date "2010.05.07"]
[Round "1.16"]
[White "Beck, Michael  GRS"]
[Black "Lenhardt, Manfred"]
[Result "0-1"]
[WhiteElo "1589"]
[BlackElo "2149"]
[PlyCount "58"]
[EventDate "2010.05.07"]

1. Nf3 g6 2. e4 Bg7 3. d4 c6 4. Nc3 d6 5. h3 Nh6 6. Be3 f6 7. Qd2 Nf7 8. a4 b6
9. Be2 Ba6 10. O-O O-O 11. Rfd1 e6 12. Bxa6 Nxa6 13. Ne2 d5 14. exd5 cxd5 15.
c3 Nd6 16. Qd3 Nc7 17. Nd2 Qd7 18. Bf4 e5 19. dxe5 fxe5 20. Bg3 Nf5 21. Nf1 Qf7
22. Qc2 Rad8 23. Ne3 Nxg3 24. Nxg3 d4 25. cxd4 exd4 26. Ng4 Nd5 27. Rxd4 h5 28.
Qd2 hxg4 29. Rd1 Bxd4 0-1

[Event "6.Griesheimer Schachtage 2010"]
[Site "Griesheim"]
[Date "2010.05.07"]
[Round "1.17"]
[White "Diehm, Alexander"]
[Black "Bejan, Viorel"]
[Result "1/2-1/2"]
[WhiteElo "2070"]
[BlackElo "1579"]
[PlyCount "105"]
[EventDate "2010.05.07"]

1. d4 e6 2. c4 f5 3. g3 Nf6 4. Bg2 c6 5. Nh3 Be7 6. Nc3 d5 7. cxd5 cxd5 8. O-O
O-O 9. f3 Nc6 10. Nf2 b6 11. Bg5 Ba6 12. Qa4 Qc8 13. Rac1 Qb7 14. Rfd1 b5 15.
Qc2 Rac8 16. Qd2 Qd7 17. e4 fxe4 18. fxe4 b4 19. Nb1 dxe4 20. Nxe4 Nxe4 21.
Bxe4 Bxg5 22. Qxg5 Nxd4 23. Kg2 Rxc1 24. Qxc1 e5 25. Nd2 Qg4 26. Re1 Qg5 27.
Nc4 Qf6 28. Bd5+ Kh8 29. Rf1 Qxf1+ 30. Qxf1 Rxf1 31. Kxf1 Bxc4+ 32. Bxc4 g5 33.
Kf2 Kg7 34. Ke3 Kf6 35. Ba6 h5 36. Kd3 Ke6 37. Kc4 Kd6 38. Kxb4 h4 39. Kc4 Nf3
40. gxh4 Nxh4 41. Bb7 g4 42. Bc8 Nf3 43. Bxg4 Nxh2 44. Be2 Ke6 45. b4 Kf5 46.
Kd3 e4+ 47. Ke3 Nf3 48. Bxf3 exf3 49. Kxf3 Ke5 50. Ke3 Kd5 51. Kd3 a5 52. b5 a4
53. b6 1/2-1/2

[Event "6.Griesheimer Schachtage 2010"]
[Site "Griesheim"]
[Date "2010.05.07"]
[Round "1.18"]
[White "Nothnagel, Manuel"]
[Black "Holter, Bernd"]
[Result "1/2-1/2"]
[WhiteElo "1501"]
[BlackElo "1949"]
[PlyCount "92"]
[EventDate "2010.05.07"]

1. e4 d6 2. d4 Nf6 3. Nc3 c6 4. Bg5 Nbd7 5. Nf3 e5 6. dxe5 dxe5 7. a3 Be7 8.
Bxf6 Bxf6 9. Bc4 O-O 10. O-O Qc7 11. Qe2 Re8 12. b4 Nf8 13. Rad1 b5 14. Bb3 a5
15. Nb1 axb4 16. axb4 Ne6 17. c4 Nf4 18. Qe3 bxc4 19. Bxc4 Rb8 20. Qc5 Bg4 21.
Nbd2 Qc8 22. g3 Ne6 23. Bxe6 Qxe6 24. Rc1 Rec8 25. Ne1 Be2 26. Nc2 Bxf1 27.
Kxf1 Be7 28. Qc4 Qxc4+ 29. Nxc4 f6 30. Rb1 Bxb4 31. Rxb4 Rxb4 32. Nxb4 c5 33.
Nd5 Ra8 34. Ke2 Ra2+ 35. Kf3 Kf7 36. Nd6+ Ke6 37. Ne8 Ra7 38. Nec7+ Kd7 39. Nb5
Rb7 40. Nbc3 Rb3 41. Ke3 c4 42. f4 Ke6 43. h4 h5 44. Kd2 Rb2+ 45. Ke3 Rb3 46.
Kd2 Rb2+ 1/2-1/2

[Event "6.Griesheimer Schachtage 2010"]
[Site "Griesheim"]
[Date "2010.05.07"]
[Round "1.19"]
[White "Tierling, Detlef"]
[Black "Lehmann, Gerit"]
[Result "1-0"]
[WhiteElo "2028"]
[BlackElo "1486"]
[PlyCount "55"]
[EventDate "2010.05.07"]

1. f4 d5 2. Nf3 Nf6 3. e3 Bf5 4. b3 e6 5. Bb2 Be7 6. Nc3 Nbd7 7. Bd3 c6 8. O-O
O-O 9. Bxf5 exf5 10. Ne2 Ne8 11. Ng3 g6 12. Qe2 Bf6 13. Ne5 Qe7 14. d4 Nd6 15.
a4 a5 16. Ba3 Qe6 17. c4 Be7 18. Rfc1 Ne4 19. cxd5 Nxg3 20. hxg3 cxd5 21. Bxe7
Qxe7 22. Rc7 Rfd8 23. Qb5 Qb4 24. Qxb4 axb4 25. Nxd7 b5 26. a5 Rdc8 27. Rxc8+
Rxc8 28. a6 1-0

[Event "6.Griesheimer Schachtage 2010"]
[Site "Griesheim"]
[Date "2010.05.07"]
[Round "1.20"]
[White "Breining, Anton"]
[Black "Hoeck, Raimund"]
[Result "1/2-1/2"]
[WhiteElo "1440"]
[BlackElo "2049"]
[PlyCount "43"]
[EventDate "2010.05.07"]

1. e4 c5 2. Nf3 d6 3. Nc3 Nf6 4. h3 Nc6 5. a3 e6 6. Bc4 Be7 7. O-O O-O 8. d4 d5
9. exd5 exd5 10. Ba2 c4 11. Re1 h6 12. Bf4 Bf5 13. Ne2 Ne4 14. Ng3 Nxg3 15.
Bxg3 Bf6 16. c3 Re8 17. Bb1 Rxe1+ 18. Qxe1 Bxb1 19. Rxb1 Qd7 20. Qd2 Re8 21.
Re1 Re6 22. Ne5 1/2-1/2

[Event "6.Griesheimer Schachtage 2010"]
[Site "Griesheim"]
[Date "2010.05.07"]
[Round "1.21"]
[White "Tominski, Norbert"]
[Black "Breitbach, Stephan"]
[Result "1/2-1/2"]
[WhiteElo "1921"]
[BlackElo "1425"]
[PlyCount "104"]
[EventDate "2010.05.07"]

1. d4 d5 2. Nf3 Bf5 3. c4 c6 4. cxd5 cxd5 5. Qb3 Bc8 6. Nc3 Nf6 7. Ne5 e6 8.
Bg5 Be7 9. Rc1 O-O 10. Nb5 Na6 11. e3 Bd7 12. Nxd7 Qxd7 13. Bd3 Bb4+ 14. Nc3
Bxc3+ 15. bxc3 Qd6 16. Bf4 Qc6 17. O-O Nc7 18. c4 Nce8 19. cxd5 Qxd5 20. Bc4
Qd7 21. Rb1 b6 22. Bb5 Qe7 23. h3 Nd5 24. Bc6 Rd8 25. Bh2 Nec7 26. Rfe1 Na6 27.
a3 Nf6 28. Qa4 Nb8 29. Bf3 Rc8 30. Rbc1 Rfd8 31. g4 Nd5 32. Qb3 Nc6 33. e4 Nxd4
34. Qd3 Nxf3+ 35. Qxf3 Nf6 36. g5 Nd7 37. h4 Rxc1 38. Rxc1 Nc5 39. Bf4 Rd3 40.
Qxd3 Nxd3 41. Rc8+ Qf8 42. Rxf8+ Kxf8 43. Bb8 a6 44. Kf1 Ke8 45. Ke2 Nc5 46.
Ke3 Kd7 47. f4 f6 48. f5 exf5 49. exf5 Ke7 50. Bc7 Nd7 51. Kd4 fxg5 52. hxg5 h6
1/2-1/2

[Event "6.Griesheimer Schachtage 2010"]
[Site "Griesheim"]
[Date "2010.05.07"]
[Round "1.22"]
[White "Gloeckner, Hank"]
[Black "Ahrends, Norbert"]
[Result "0-1"]
[WhiteElo "1373"]
[BlackElo "2034"]
[PlyCount "58"]
[EventDate "2010.05.07"]

1. Nc3 d5 2. Nf3 Nf6 3. e3 Bg4 4. h3 Bh5 5. Rg1 e6 6. g4 Bg6 7. h4 Ne4 8. Ne2
h6 9. d3 Nf6 10. Ne5 Bh7 11. Ng3 Bd6 12. f4 Bxe5 13. g5 hxg5 14. hxg5 Bd6 15.
gxf6 Qxf6 16. Qg4 Bb4+ 17. Kf2 Bg6 18. Bg2 Nc6 19. c3 Ne5 20. Qd1 Nxd3+ 21. Kf1
Bc5 22. Qa4+ c6 23. Ke2 Nxf4+ 24. Qxf4 Qxf4 25. exf4 Bxg1 26. Bd2 Bb6 27. Rf1
Rh2 28. Kf3 Kd7 29. Nh1 Be4+ 0-1

[Event "6.Griesheimer Schachtage 2010"]
[Site "Griesheim"]
[Date "2010.05.07"]
[Round "1.23"]
[White "Gutacker, Stephan"]
[Black "Struwecker, Sigurd"]
[Result "1-0"]
[WhiteElo "1936"]
[BlackElo "1405"]
[PlyCount "73"]
[EventDate "2010.05.07"]

1. e4 e5 2. Nf3 Nf6 3. Bc4 d6 4. Ng5 d5 5. exd5 Nxd5 6. Qf3 Qxg5 7. Bxd5 Qf4 8.
Bxb7 Qxf3 9. Bxf3 c6 10. Nc3 Be7 11. Nb5 Kd8 12. d4 a6 13. Nc3 exd4 14. Na4 Bb7
15. Bf4 Nd7 16. O-O-O Bf6 17. Rhe1 Ra7 18. Bd6 Re8 19. Rxe8+ Kxe8 20. Nc5 Ba8
21. Ne4 Be5 22. Re1 f6 23. Bg4 Kd8 24. Ba3 c5 25. Bxd7 Bxe4 26. Rxe4 Rxd7 27.
Bxc5 Rd5 28. Bb6+ Kd7 29. f4 Bb8 30. g3 g5 31. fxg5 fxg5 32. Rxd4 Rxd4 33. Bxd4
h5 34. Kd2 h4 35. gxh4 gxh4 36. h3 Ke6 37. Bf2 1-0

[Event "6.Griesheimer Schachtage 2010"]
[Site "Griesheim"]
[Date "2010.05.07"]
[Round "1.24"]
[White "Grimm, Julius"]
[Black "Neuner, Johannes"]
[Result "0-1"]
[WhiteElo "1394"]
[BlackElo "1960"]
[PlyCount "86"]
[EventDate "2010.05.07"]

1. d4 Nf6 2. c4 g6 3. Nc3 Bg7 4. g3 O-O 5. Bg2 d6 6. Nf3 Nbd7 7. O-O e5 8. dxe5
dxe5 9. Ng5 c6 10. b4 Nb6 11. Qb3 h6 12. Rd1 Qe7 13. c5 hxg5 14. cxb6 Be6 15.
Qb1 Rfd8 16. Rxd8+ Qxd8 17. bxa7 Qd4 18. Qc2 Ng4 19. e3 Qxa7 20. b5 e4 21. Bxe4
Qc5 22. Bb2 cxb5 23. Bxb7 Ra7 24. Be4 Rc7 25. Rc1 b4 26. Na4 Qxc2 27. Rxc2 Rxc2
28. Bxc2 Bxa2 29. Bxg7 Kxg7 30. Nc5 Kf6 31. h3 Ne5 32. Kf1 Ke7 33. Ke1 Kd6 34.
Nd3 b3 35. Nc1 Nf3+ 36. Ke2 Ng1+ 37. Kf1 bxc2 38. Nxa2 Nxh3 39. Ke1 Ke5 40. Kd2
Nxf2 41. Nc3 Ne4+ 42. Kxc2 Nxc3 43. Kxc3 Ke4 0-1

[Event "6.Griesheimer Schachtage 2010"]
[Site "Griesheim"]
[Date "2010.05.07"]
[Round "1.25"]
[White "Geringer, Waldemar"]
[Black "Spitzl, Vinzent"]
[Result "1-0"]
[WhiteElo "1949"]
[BlackElo "1711"]
[PlyCount "139"]
[EventDate "2010.05.07"]

1. d4 d5 2. Nf3 Nf6 3. c4 e6 4. g3 Be7 5. Bg2 c6 6. O-O O-O 7. Qc2 Nbd7 8. Rd1
b6 9. b3 Ba6 10. Bb2 Rc8 11. Nbd2 Qc7 12. Rac1 dxc4 13. bxc4 c5 14. Qa4 Bb7 15.
Ne5 Bxg2 16. Kxg2 Nxe5 17. dxe5 Nd7 18. f4 Rfd8 19. Kf2 Nb8 20. Ne4 Nc6 21. a3
Nd4 22. e3 Nc6 23. Qc2 Rxd1 24. Rxd1 Rd8 25. Rd3 Na5 26. Ba1 Rd7 27. Qd1 Rxd3
28. Qxd3 Qd8 29. Qc3 Qd7 30. f5 Bf8 31. f6 g6 32. Ke2 Qa4 33. Nd6 Bxd6 34. exd6
Qd7 35. Qd3 Nb7 36. Be5 a6 37. e4 h6 38. h4 b5 39. Bf4 Kf8 40. Bxh6+ Ke8 41. e5
Qc6 42. Qf3 Qxf3+ 43. Kxf3 b4 44. axb4 cxb4 45. Ke2 b3 46. Kd1 a5 47. Bd2 a4
48. Bb4 Nd8 49. g4 Nc6 50. Bc3 a3 51. Kc1 b2+ 52. Kb1 Nb8 53. h5 gxh5 54. gxh5
Kf8 55. Bb4 Kg8 56. Bxa3 Kh7 57. Kxb2 Kh6 58. Kb3 Kxh5 59. Ka4 Kg5 60. Kb5 Kf5
61. Bb2 Ke4 62. Kb6 Kd3 63. c5 Kc4 64. c6 Kd5 65. c7 Nd7+ 66. Kb5 Nb6 67. Kxb6
Kc4 68. c8=Q+ Kb4 69. Qc3+ Ka4 70. Qa3# 1-0

[Event "6.Griesheimer Schachtage 2010"]
[Site "Griesheim"]
[Date "2010.05.07"]
[Round "1.26"]
[White "Khrapko, Marko"]
[Black "Diehl, Werner"]
[Result "0-1"]
[WhiteElo "1335"]
[BlackElo "2090"]
[PlyCount "66"]
[EventDate "2010.05.07"]

1. e4 e5 2. Nf3 d6 3. Nc3 c6 4. d4 Nd7 5. d5 Be7 6. Be3 Ngf6 7. Bc4 O-O 8. h3
a6 9. a4 c5 10. b3 Re8 11. Bd3 Nf8 12. Ne2 Ng6 13. Ng3 Bf8 14. Nd2 Nf4 15. Bxf4
exf4 16. Ne2 Nh5 17. c4 g6 18. Qc2 Bg7 19. Rb1 Qg5 20. Kf1 Qe7 21. f3 f5 22.
Qd1 fxe4 23. Nxe4 Bf5 24. Qc2 Bxe4 25. Bxe4 Qf6 26. Rc1 Re7 27. Ke1 Rae8 28.
Kd2 Qg5 29. Rhg1 Rxe4 30. fxe4 f3+ 31. Kd1 fxe2+ 32. Qxe2 Bd4 33. Rf1 Ng3 0-1

[Event "6.Griesheimer Schachtage 2010"]
[Site "Griesheim"]
[Date "2010.05.07"]
[Round "1.27"]
[White "Beck, Michael  HDS"]
[Black "Heilmann, Jean-Michel"]
[Result "1-0"]
[WhiteElo "1813"]
[BlackElo "1328"]
[PlyCount "33"]
[EventDate "2010.05.07"]

1. e4 e6 2. d3 d5 3. Nd2 c5 4. g3 Nf6 5. Bg2 d4 6. Ngf3 Nc6 7. O-O e5 8. Nc4
Bd6 9. a4 b6 10. h3 h6 11. Nfd2 g5 12. f4 gxf4 13. gxf4 exf4 14. e5 Nxe5 15.
Nxe5 Bxe5 16. Re1 Qd6 17. Nc4 1-0

[Event "6.Griesheimer Schachtage 2010"]
[Site "Griesheim"]
[Date "2010.05.07"]
[Round "1.28"]
[White "Bars, Alexander"]
[Black "Dankesreiter, Arne"]
[Result "0-1"]
[WhiteElo "1242"]
[BlackElo "2002"]
[PlyCount "30"]
[EventDate "2010.05.07"]

1. e4 d5 2. exd5 Qxd5 3. d4 e5 4. Nc3 Bb4 5. Nge2 Nc6 6. Be3 Bg4 7. f3 Bxf3 8.
gxf3 Qxf3 9. Bg2 Qxg2 10. Rf1 O-O-O 11. d5 Rxd5 12. Bd2 Rd7 13. a3 Be7 14. Ng3
Bh4 15. Nce2 Qxh2 0-1

[Event "6.Griesheimer Schachtage 2010"]
[Site "Griesheim"]
[Date "2010.05.07"]
[Round "1.29"]
[White "Mager, Thomas"]
[Black "Storch, Markus"]
[Result "1-0"]
[WhiteElo "1843"]
[BlackElo "1230"]
[PlyCount "69"]
[EventDate "2010.05.07"]

1. d4 Nf6 2. c4 e6 3. Nc3 c5 4. d5 b6 5. e4 d6 6. Bg5 h6 7. Bh4 g5 8. Bg3 e5 9.
Bd3 Bg4 10. f3 Bc8 11. Nge2 Nh5 12. Bc2 Na6 13. a3 Nc7 14. Ba4+ Ke7 15. h4 Nf4
16. hxg5 Nxg2+ 17. Kf2 Nf4 18. Nxf4 Bg7 19. Nh5 Kf8 20. Nxg7 Kxg7 21. gxh6+ Kf8
22. Qd2 Qf6 23. Bh4 Qf4 24. Qxf4 exf4 25. Bf6 Rh7 26. Rag1 Ne8 27. Bxe8 Kxe8
28. Rg8+ Kd7 29. Rd8+ Kc7 30. Nb5+ Kb7 31. Nxd6+ Kc7 32. Nxc8 Rxc8 33. Rxc8+
Kxc8 34. Bg7 Kd7 35. Rh4 1-0

[Event "6.Griesheimer Schachtage 2010"]
[Site "Griesheim"]
[Date "2010.05.07"]
[Round "1.30"]
[White "Meisinger, Herbert"]
[Black "Neitzert, Volker"]
[Result "0-1"]
[WhiteElo "1185"]
[BlackElo "1789"]
[PlyCount "62"]
[EventDate "2010.05.07"]

1. d4 d5 2. c4 e6 3. Nf3 Nf6 4. Bg5 Be7 5. e3 O-O 6. Nc3 c6 7. cxd5 exd5 8. Bd3
Bg4 9. Be2 Nbd7 10. Ne5 Bxe2 11. Qxe2 Nxe5 12. dxe5 Nd7 13. Bxe7 Qxe7 14. f4 f6
15. exf6 Nxf6 16. O-O Rae8 17. Rae1 Ne4 18. Qd3 Rf6 19. Rf3 Re6 20. Rh3 g6 21.
Nd1 Nd6 22. Qb3 Qf7 23. Rf3 Nf5 24. Rff1 d4 25. e4 Rxe4 26. Qxf7+ Kxf7 27. Rxe4
Rxe4 28. g3 Ke6 29. Kf2 Kd5 30. Re1 c5 31. Rxe4 Kxe4 0-1

[Event "6.Griesheimer Schachtage 2010"]
[Site "Griesheim"]
[Date "2010.05.07"]
[Round "1.31"]
[White "Makilla, Tobias"]
[Black "Urbach, Jens"]
[Result "1-0"]
[WhiteElo "1897"]
[BlackElo "927"]
[PlyCount "49"]
[EventDate "2010.05.07"]

1. e4 e5 2. Nf3 Nc6 3. c3 Bc5 4. d4 exd4 5. cxd4 Bb4+ 6. Nc3 Bxc3+ 7. bxc3 d5
8. e5 Qe7 9. Bb5 Bd7 10. Qb3 a6 11. Bd3 b5 12. Qxd5 Qe6 13. Qe4 g6 14. d5 Qf5
15. dxc6 Qxe4+ 16. Bxe4 Be6 17. O-O O-O-O 18. Bg5 Rf8 19. a4 f6 20. exf6 Nxf6
21. Bxf6 Rxf6 22. axb5 Kd8 23. bxa6 Rff8 24. a7 Ke7 25. Rfe1 1-0